| 000 | 00396nam a22001217a 4500 | ||
|---|---|---|---|
| 999 |
_c10101 _d10101 |
||
| 003 | OSt | ||
| 008 | 201218b ||||| |||| 00| 0 eng d | ||
| 245 | _aIndian Journal of Science and Technology | ||
| 250 | _a2015(May Vol.8 No.8, Jun Vol.8 No.9, Jul Vol.8 No.10) | ||
| 260 |
_aChennai, Tamil Nadu _bIndian Society for Education and Environment |
||
| 650 | _aInformation Technology | ||
| 942 |
_2ddc _cBV |
||